Vista normal
Vista MARC
Entrada Materia (tema)
Número de registros utilizados en: 1
001 - CONTROL NUMBER
- control field: 184097
003 - CONTROL NUMBER IDENTIFIER
- control field: Co-BoUCM
005 - DATE AND TIME OF LATEST TRANSACTION
- control field: 20250128072022.0
008 - FIXED-LENGTH DATA ELEMENTS
- fixed length control field: 250128|| aca||aabn | a|a d
040 ## - CATALOGING SOURCE
- Original cataloging agency: Co-BoUCM
- Transcribing agency: Co-BoUCM
150 ## - HEADING--TOPICAL TERM
- Topical term or geographic name as entry element: Lectura
- General subdivision: Literatura jurídica
670 ## - SOURCE DATA FOUND
- Source citation: Work cat.: (Co-BoUCM): Torres Manrique, Jorge Isaac 184092, Prólogos u libros jurídicos, 2023